<?xml version="1.0" encoding="UTF-8"?>
<record
    xmlns:xsi="http://www.w3.org/2001/XMLSchema-instance"
    xsi:schemaLocation="http://www.loc.gov/MARC21/slim http://www.loc.gov/standards/marcxml/schema/MARC21slim.xsd"
    xmlns="http://www.loc.gov/MARC21/slim">

  <leader>00732nam a2200229 a 4500</leader>
  <controlfield tag="001">4266</controlfield>
  <controlfield tag="003">BD-RjUL</controlfield>
  <controlfield tag="005">20211208233849.0</controlfield>
  <controlfield tag="008">160726t19621961enk           000 0 eng</controlfield>
  <datafield tag="035" ind1=" " ind2=" ">
    <subfield code="a">(BD-RjUL)4301</subfield>
  </datafield>
  <datafield tag="040" ind1=" " ind2=" ">
    <subfield code="a">DLC</subfield>
    <subfield code="c">CarP</subfield>
    <subfield code="d">DLC</subfield>
    <subfield code="d">BD-RjUL</subfield>
    <subfield code="b">eng</subfield>
  </datafield>
  <datafield tag="041" ind1=" " ind2=" ">
    <subfield code="a">eng</subfield>
  </datafield>
  <datafield tag="082" ind1=" " ind2=" ">
    <subfield code="2">23</subfield>
    <subfield code="a">338.91</subfield>
    <subfield code="b">BEE 1962</subfield>
  </datafield>
  <datafield tag="100" ind1="1" ind2=" ">
    <subfield code="a">Benham, Frederic,</subfield>
    <subfield code="d">1900-1962.</subfield>
    <subfield code="9">13519</subfield>
  </datafield>
  <datafield tag="245" ind1="1" ind2="0">
    <subfield code="a">Economic aid to underdeveloped countries /</subfield>
    <subfield code="c">Frederic Benham</subfield>
  </datafield>
  <datafield tag="260" ind1=" " ind2=" ">
    <subfield code="a">London :</subfield>
    <subfield code="b">Oxford University Press,</subfield>
    <subfield code="c">1961 [reprint 1962]</subfield>
  </datafield>
  <datafield tag="300" ind1=" " ind2=" ">
    <subfield code="a">121 p.</subfield>
    <subfield code="c">19 cm.</subfield>
  </datafield>
  <datafield tag="500" ind1=" " ind2=" ">
    <subfield code="a">Issued the auspices of the Royal Institute of International Affairs.</subfield>
  </datafield>
  <datafield tag="650" ind1=" " ind2="0">
    <subfield code="a">Economic assistance.</subfield>
    <subfield code="9">13520</subfield>
  </datafield>
  <datafield tag="651" ind1=" " ind2="0">
    <subfield code="a">Developing countries.</subfield>
    <subfield code="9">13521</subfield>
  </datafield>
  <datafield tag="942" ind1=" " ind2=" ">
    <subfield code="2">ddc</subfield>
    <subfield code="c">BK</subfield>
  </datafield>
  <datafield tag="999" ind1=" " ind2=" ">
    <subfield code="c">4266</subfield>
    <subfield code="d">4266</subfield>
  </datafield>
  <datafield tag="952" ind1=" " ind2=" ">
    <subfield code="0">0</subfield>
    <subfield code="1">0</subfield>
    <subfield code="2">ddc</subfield>
    <subfield code="4">0</subfield>
    <subfield code="7">0</subfield>
    <subfield code="8">NFIC</subfield>
    <subfield code="a">RUCL</subfield>
    <subfield code="b">RUCL</subfield>
    <subfield code="c">Stack</subfield>
    <subfield code="d">1964-06-04</subfield>
    <subfield code="e">Zeitlinger</subfield>
    <subfield code="g">12.60</subfield>
    <subfield code="l">0</subfield>
    <subfield code="o">338.91 BEE 1962</subfield>
    <subfield code="r">2013-12-22 00:00:00</subfield>
    <subfield code="t">C-4</subfield>
    <subfield code="w">2021-12-08</subfield>
    <subfield code="y">BK</subfield>
  </datafield>
  <datafield tag="952" ind1=" " ind2=" ">
    <subfield code="0">0</subfield>
    <subfield code="1">0</subfield>
    <subfield code="2">ddc</subfield>
    <subfield code="4">0</subfield>
    <subfield code="7">0</subfield>
    <subfield code="8">NFIC</subfield>
    <subfield code="a">RUCL</subfield>
    <subfield code="b">RUCL</subfield>
    <subfield code="c">Stack</subfield>
    <subfield code="d">1964-06-04</subfield>
    <subfield code="e">Zeitlinger</subfield>
    <subfield code="g">12.60</subfield>
    <subfield code="l">0</subfield>
    <subfield code="o">338.91 BEE 1962</subfield>
    <subfield code="r">2016-07-26 00:00:00</subfield>
    <subfield code="t">C-2</subfield>
    <subfield code="w">2016-07-26</subfield>
    <subfield code="y">BK</subfield>
  </datafield>
  <datafield tag="952" ind1=" " ind2=" ">
    <subfield code="0">0</subfield>
    <subfield code="1">0</subfield>
    <subfield code="2">ddc</subfield>
    <subfield code="4">0</subfield>
    <subfield code="7">1</subfield>
    <subfield code="8">NFIC</subfield>
    <subfield code="a">RUCL</subfield>
    <subfield code="b">RUCL</subfield>
    <subfield code="c">Reading</subfield>
    <subfield code="d">1964-06-04</subfield>
    <subfield code="e">Zeitlinger</subfield>
    <subfield code="g">12.60</subfield>
    <subfield code="l">0</subfield>
    <subfield code="o">338.91 BEE 1962</subfield>
    <subfield code="r">2016-07-26 00:00:00</subfield>
    <subfield code="t">C-1</subfield>
    <subfield code="w">2016-07-26</subfield>
    <subfield code="y">BK</subfield>
  </datafield>
  <datafield tag="952" ind1=" " ind2=" ">
    <subfield code="0">0</subfield>
    <subfield code="1">0</subfield>
    <subfield code="2">ddc</subfield>
    <subfield code="4">0</subfield>
    <subfield code="7">0</subfield>
    <subfield code="8">NFIC</subfield>
    <subfield code="a">RUCL</subfield>
    <subfield code="b">RUCL</subfield>
    <subfield code="c">Stack</subfield>
    <subfield code="d">1964-06-04</subfield>
    <subfield code="e">Zeitlinger</subfield>
    <subfield code="g">12.60</subfield>
    <subfield code="l">0</subfield>
    <subfield code="o">338.91 BEE 1962</subfield>
    <subfield code="r">2016-07-26 00:00:00</subfield>
    <subfield code="t">C-3</subfield>
    <subfield code="w">2016-07-26</subfield>
    <subfield code="y">BK</subfield>
  </datafield>
  <datafield tag="952" ind1=" " ind2=" ">
    <subfield code="0">0</subfield>
    <subfield code="1">0</subfield>
    <subfield code="2">ddc</subfield>
    <subfield code="4">0</subfield>
    <subfield code="7">0</subfield>
    <subfield code="8">NFIC</subfield>
    <subfield code="a">RUCL</subfield>
    <subfield code="b">RUCL</subfield>
    <subfield code="c">Stack</subfield>
    <subfield code="d">1964-06-04</subfield>
    <subfield code="e"> 	Zeitlinger</subfield>
    <subfield code="g">12.60</subfield>
    <subfield code="l">0</subfield>
    <subfield code="o">338.91 BEE 1962</subfield>
    <subfield code="r">2016-07-26 00:00:00</subfield>
    <subfield code="t">C-5</subfield>
    <subfield code="w">2016-07-26</subfield>
    <subfield code="y">BK</subfield>
  </datafield>
  <datafield tag="952" ind1=" " ind2=" ">
    <subfield code="0">0</subfield>
    <subfield code="1">0</subfield>
    <subfield code="2">ddc</subfield>
    <subfield code="4">0</subfield>
    <subfield code="7">0</subfield>
    <subfield code="8">NFIC</subfield>
    <subfield code="a">RUCL</subfield>
    <subfield code="b">RUCL</subfield>
    <subfield code="c">Stack</subfield>
    <subfield code="d">1965-11-12</subfield>
    <subfield code="e">Zeitlinger</subfield>
    <subfield code="g">12.60</subfield>
    <subfield code="l">0</subfield>
    <subfield code="o">338.91 BEE 1964</subfield>
    <subfield code="r">2016-07-26 00:00:00</subfield>
    <subfield code="t">C-6</subfield>
    <subfield code="w">2021-12-08</subfield>
    <subfield code="y">BK</subfield>
  </datafield>
  <datafield tag="952" ind1=" " ind2=" ">
    <subfield code="0">0</subfield>
    <subfield code="1">0</subfield>
    <subfield code="2">ddc</subfield>
    <subfield code="4">0</subfield>
    <subfield code="7">0</subfield>
    <subfield code="8">NFIC</subfield>
    <subfield code="a">RUCL</subfield>
    <subfield code="b">RUCL</subfield>
    <subfield code="c">Stack</subfield>
    <subfield code="d">1965-03-29</subfield>
    <subfield code="e">Sweets and Zeithlinger</subfield>
    <subfield code="g">12.60</subfield>
    <subfield code="l">0</subfield>
    <subfield code="o">338.91 BEE 1962</subfield>
    <subfield code="r">2016-07-26 00:00:00</subfield>
    <subfield code="t">C-7</subfield>
    <subfield code="w">2016-07-26</subfield>
    <subfield code="y">BK</subfield>
  </datafield>
  <datafield tag="952" ind1=" " ind2=" ">
    <subfield code="0">0</subfield>
    <subfield code="1">0</subfield>
    <subfield code="2">ddc</subfield>
    <subfield code="4">0</subfield>
    <subfield code="7">0</subfield>
    <subfield code="8">NFIC</subfield>
    <subfield code="a">RUCL</subfield>
    <subfield code="b">RUCL</subfield>
    <subfield code="c">Stack</subfield>
    <subfield code="d">1964-05-12</subfield>
    <subfield code="e">Zeitlinger</subfield>
    <subfield code="g">12.60</subfield>
    <subfield code="l">0</subfield>
    <subfield code="o">338.91 BEE 1962</subfield>
    <subfield code="r">2016-07-26 00:00:00</subfield>
    <subfield code="t">C-8</subfield>
    <subfield code="w">2016-07-26</subfield>
    <subfield code="y">BK</subfield>
  </datafield>
  <datafield tag="952" ind1=" " ind2=" ">
    <subfield code="0">0</subfield>
    <subfield code="1">0</subfield>
    <subfield code="2">ddc</subfield>
    <subfield code="4">0</subfield>
    <subfield code="7">0</subfield>
    <subfield code="8">NFIC</subfield>
    <subfield code="a">RUCL</subfield>
    <subfield code="b">RUCL</subfield>
    <subfield code="c">Stack</subfield>
    <subfield code="d">1964-06-04</subfield>
    <subfield code="e">Zeitlinger</subfield>
    <subfield code="g">12.60</subfield>
    <subfield code="l">0</subfield>
    <subfield code="o">338.91 BEE 1962</subfield>
    <subfield code="r">2016-07-26 00:00:00</subfield>
    <subfield code="t">C-9</subfield>
    <subfield code="w">2016-07-26</subfield>
    <subfield code="y">BK</subfield>
  </datafield>
  <datafield tag="952" ind1=" " ind2=" ">
    <subfield code="0">0</subfield>
    <subfield code="1">0</subfield>
    <subfield code="2">ddc</subfield>
    <subfield code="4">0</subfield>
    <subfield code="7">0</subfield>
    <subfield code="8">NFIC</subfield>
    <subfield code="a">RUCL</subfield>
    <subfield code="b">RUCL</subfield>
    <subfield code="c">Stack</subfield>
    <subfield code="d">1965-03-29</subfield>
    <subfield code="e">Sweets and Zeithlinger</subfield>
    <subfield code="g">12.60</subfield>
    <subfield code="l">0</subfield>
    <subfield code="o">338.91 BEE 1962</subfield>
    <subfield code="r">2016-07-26 00:00:00</subfield>
    <subfield code="t">C-10</subfield>
    <subfield code="w">2016-07-26</subfield>
    <subfield code="y">BK</subfield>
  </datafield>
</record>
